Premiers schémas européens et économie internationale durant l'entre-deux-guerres (notice n° 1603526)

détails MARC
000 -LEADER
fixed length control field 02164cam a2200169 4500500
005 - DATE AND TIME OF LATEST TRANSACTION
control field 20251228092700.0
041 ## - LANGUAGE CODE
Language code of text/sound track or separate title fre
042 ## - AUTHENTICATION CODE
Authentication code dc
100 10 - MAIN ENTRY--PERSONAL NAME
Personal name Bussière, Éric
Relator term author
245 00 - TITLE STATEMENT
Title Premiers schémas européens et économie internationale durant l'entre-deux-guerres
260 ## - PUBLICATION, DISTRIBUTION, ETC.
Date of publication, distribution, etc. 2005.<br/>
500 ## - GENERAL NOTE
General note 75
520 ## - SUMMARY, ETC.
Summary, etc. Premiers schémas européens et économie internationale durant l’entre-deux-guerresLe projet européen n’a pas été défini contre l’internationalisation puis la mondialisation économique mais comme partie de cette dernière. Il se définit comme un régionalisme au sein d’un projet universel que l’Europe a également porté. L’entre-deux-guerres se présente comme une période fondatrice de cette double réalité historique : recherche des voies de la reconstruction de l’Europe à travers l’affirmation de liens de solidarité économique, voire la définition d’un modèle social ; recherche difficile d’une articulation entre l’affirmation d’une identité économique européenne et la promotion du libre-échange universel ; premières tentatives régionales des années 1930 et conversion progressive des milieux libre-échangistes à la solution régionale.
520 ## - SUMMARY, ETC.
Summary, etc. Premiers schémas européens et économie internationale durant l’entre-deux-guerresThe European project was not designed against economic globalization but as part of it. It was conceived as a kind of regionalism within a universal project which Europe also supported. The interwar period was the moment when this dual historical reality was born : looking for ways to rebuild Europe by asserting links of economic solidarity and by defining a social model ; the difficult search for the articulation between the affirmation of a European economic identity and the promotion of universal free trade ; the first regional attempts of the 1930s and the progressive conversion of free-traders to regionalism.
786 0# - DATA SOURCE ENTRY
Note Relations internationales | 123 | 3 | 2005-09-01 | p. 51-68 | 0335-2013
856 41 - ELECTRONIC LOCATION AND ACCESS
Uniform Resource Identifier <a href="https://shs.cairn.info/revue-relations-internationales-2005-3-page-51?lang=fr&redirect-ssocas=7080">https://shs.cairn.info/revue-relations-internationales-2005-3-page-51?lang=fr&redirect-ssocas=7080</a>

Pas d'exemplaire disponible.

PLUDOC

PLUDOC est la plateforme unique et centralisée de gestion des bibliothèques physiques et numériques de Guinée administré par le CEDUST. Elle est la plus grande base de données de ressources documentaires pour les Étudiants, Enseignants chercheurs et Chercheurs de Guinée.

Adresse

627 919 101/664 919 101

25 boulevard du commerce
Kaloum, Conakry, Guinée

Réseaux sociaux

Powered by Netsen Group @ 2025